<?xml version="1.0" encoding="UTF-8"?><?xml-stylesheet type="text/xsl" href="static/style.xsl"?><OAI-PMH xmlns="http://www.openarchives.org/OAI/2.0/" xmlns:xsi="http://www.w3.org/2001/XMLSchema-instance" xsi:schemaLocation="http://www.openarchives.org/OAI/2.0/ http://www.openarchives.org/OAI/2.0/OAI-PMH.xsd"><responseDate>2026-04-17T11:41:52Z</responseDate><request verb="GetRecord" identifier="oai:www.recercat.cat:10230/60787" metadataPrefix="marc">https://recercat.cat/oai/request</request><GetRecord><record><header><identifier>oai:recercat.cat:10230/60787</identifier><datestamp>2025-12-22T20:20:08Z</datestamp><setSpec>com_2072_6</setSpec><setSpec>col_2072_452954</setSpec></header><metadata><record xmlns="http://www.loc.gov/MARC21/slim" xmlns:dcterms="http://purl.org/dc/terms/" xmlns:xsi="http://www.w3.org/2001/XMLSchema-instance" xmlns:doc="http://www.lyncode.com/xoai" xsi:schemaLocation="http://www.loc.gov/MARC21/slim http://www.loc.gov/standards/marcxml/schema/MARC21slim.xsd">
   <leader>00925njm 22002777a 4500</leader>
   <datafield ind2=" " ind1=" " tag="042">
      <subfield code="a">dc</subfield>
   </datafield>
   <datafield ind2=" " ind1=" " tag="720">
      <subfield code="a">Delemus, Judit</subfield>
      <subfield code="e">author</subfield>
   </datafield>
   <datafield ind2=" " ind1=" " tag="720">
      <subfield code="a">Estallo, Laura</subfield>
      <subfield code="e">author</subfield>
   </datafield>
   <datafield ind2=" " ind1=" " tag="260">
      <subfield code="c">2024-07-18T14:59:26Z</subfield>
   </datafield>
   <datafield ind2=" " ind1=" " tag="260">
      <subfield code="c">2024-07-18T14:59:26Z</subfield>
   </datafield>
   <datafield ind2=" " ind1=" " tag="260">
      <subfield code="c">2024</subfield>
   </datafield>
   <datafield ind2=" " ind1=" " tag="520">
      <subfield code="a">Tutor: Albert Font</subfield>
   </datafield>
   <datafield ind2=" " ind1=" " tag="520">
      <subfield code="a">Treball de fi de grau en Publicitat i Relacions Públiques</subfield>
   </datafield>
   <datafield ind2=" " ind1=" " tag="520">
      <subfield code="a">La saturació del sistema sanitari a Espanya no és cap sorpresa per ningú, però amb&#xd;
l’auge de les noves tecnologies i l’agilitat que aquestes proporcionen en les nostres vides, és inacceptable que això continuï succeint. És per això, que a poc a poc en el sector sanitari s’està instaurant la telemedicina: medicina online. En aquest treball ens centrarem en l’adaptació de la dermatologia a les noves tecnologies. L’objectiu és crear una aplicació&#xd;
de teledermatologia, DermaPro, i fer-ne la seva respectiva estratègia de comunicació,&#xd;
centrada principalment en awareness. S’ha fet una investigació externa, una enquesta i una entrevista a una dermatòloga, Ana Elísabet López. L’estratègia comunicativa que es&#xd;
planteja en el treball és principalment digital i transmèdia i el target se centrarà en dones&#xd;
d’entre 20 i 40 anys. En l’estratègia, es plantegen els objectius que es pretenen&#xd;
aconseguir, amb les seves respectives accions i KPIs, juntament amb la calendarització&#xd;
d’aquestes i el pressupost final.</subfield>
   </datafield>
   <datafield ind2=" " ind1=" " tag="520">
      <subfield code="a">The saturation of the healthcare system in Spain is no surprise to anyone, but with the&#xd;
rise of new technologies and the agility they bring to our lives, it is unacceptable that this&#xd;
should continue to happen. This is why telemedicine is gradually being introduced in&#xd;
the health sector: telemedicine. In this paper we will focus on the adaptation of&#xd;
dermatology to new technologies. The objective is to create a teledermatology&#xd;
application, DermaPro, and to create its respective communication strategy, mainly&#xd;
focused on awareness. An external research, a survey and an interview with a dermatologist,&#xd;
Ana Elísabet López, have been carried out.&#xd;
The communication strategy proposed in the work is mainly digital and transmedia and the&#xd;
target will focus on women between 20 and 40 years old. The strategy sets out the&#xd;
objectives to be achieved, with their respective actions and KPIs, together with&#xd;
their timing and the final budget.</subfield>
   </datafield>
   <datafield tag="653" ind2=" " ind1=" ">
      <subfield code="a">Telemedicina</subfield>
   </datafield>
   <datafield ind2="0" ind1="0" tag="245">
      <subfield code="a">Creació i estratègia del llançament de l&amp;apos;aplicació teledermatològica DermaPro</subfield>
   </datafield>
</record></metadata></record></GetRecord></OAI-PMH>